Historical Figures by Letter - C - Statistics

General Stats
  • This quiz has been taken 406 times
  • The average score is 16 of 20
Answer Stats
Hint Figure % Correct
He was looking for India but but found America instead Christopher Columbus
97%
The last pharaoh Cleopatra
94%
Stabbed on the Ides of March Julius Caesar
94%
British PM, 1940-1945 Winston Churchill
94%
"Great" empress of Russia Catherine
92%
Cuban leader of died in 2016 Fidel Castro
89%
"Great Sage" of Chinese philosophy Confucius
88%
Polish-French discoverer of Polonium Marie Curie
87%
British explorer who died in Hawaii James Cook
85%
King of the Franks from 768; founder of the Carolingian Empire Charlemagne
83%
Prohibition-era crime boss Al Capone
81%
Fashion designer who liberated women from "corseted silhouette" Coco Chanel
81%
"The Great Dictator" comic actor Charlie Chaplin
80%
Lord Protector of England, 1653-58 Oliver Cromwell
79%
Allowed Rome to become a Christian empire Constantine
68%
Conquered the Aztecs Hernán Cortés
66%
Discovered heliocentrism Nicolaus Copernicus
64%
First "Great" Persian king Cyrus
50%
French theologian for whom a branch of Christianity is named John Calvin
50%
Founder of modern Taiwan Chiang Kai-shek
44%
No matching quizzes found
Score Distribution
Percent of People with Each Score
Percentile by Number Answered
Your Score History
You have not taken this quiz